00744nam a22002297a 450000500170000001000100001702000100002703500100003703700160004704000120006308200130007510000240008824500570011226000750016927000250024430000210026965000440029065000220033494200220035699900190037895201170039720170124110112.0 a66929 c00.00 a66929 bCen Lib/Ret aDPLbEN a920bJAG aJagjit Singh929361 aSome eminent :cby Jagjit SinghbIndian scientists / aDelhibMinistry of Information and Broadcasting, Govt. of India c1970 bDelhiaPatiala House a159p. c20cm(Hb) aScientists -- India -- Biography929362 aScientists929363 2ddccENh920mJAG c130498d130498 00104070aLbLd2015-07-09eCen Lib/Retg0.00l0o920 JAGp66929r2015-07-09 00:00:00t1v0.00w2015-07-09yEN